The Haunted Mask (Goosebumps). (Record no. 73)
[ view plain ]
| 000 -LEADER | |
|---|---|
| fixed length control field | 01014nam a22002417a 4500 |
| 001 - CONTROL NUMBER | |
| control field | 73 |
| 003 - CONTROL NUMBER IDENTIFIER | |
| control field | FISKH |
| 005 - DATE AND TIME OF LATEST TRANSACTION | |
| control field | 20230926135754.0 |
| 008 - FIXED-LENGTH DATA ELEMENTS--GENERAL INFORMATION | |
| fixed length control field | 230221b cb ||||| |||| 00| 0 eng d |
| 020 ## - INTERNATIONAL STANDARD BOOK NUMBER | |
| International Standard Book Number | 9781407157504 |
| 040 ## - CATALOGING SOURCE | |
| Original cataloging agency | MePoLT |
| Transcribing agency | MePoLT |
| Description conventions | rda |
| Language of cataloging | eng |
| Modifying agency | FISKH |
| 050 ## - LIBRARY OF CONGRESS CALL NUMBER | |
| Classification number | PZ7.S86037 H |
| 082 ## - DEWEY DECIMAL CLASSIFICATION NUMBER | |
| Classification number | 813.54 |
| 100 1# - MAIN ENTRY--PERSONAL NAME | |
| Personal name | Stine, R.L. |
| 245 10 - TITLE STATEMENT | |
| Title | The Haunted Mask (Goosebumps). |
| 264 #1 - PRODUCTION, PUBLICATION, DISTRIBUTION, MANUFACTURE, AND COPYRIGHT NOTICE | |
| Place of production, publication, distribution, manufacture | London |
| Name of producer, publisher, distributor, manufacturer | Scholastic |
| Date of production, publication, distribution, manufacture, or copyright notice | 2015 |
| 300 ## - PHYSICAL DESCRIPTION | |
| Extent | 144 p. |
| Dimensions | 20 cm. |
| 520 ## - SUMMARY, ETC. | |
| Summary, etc. | The Haunted Mask (Goosebumps) by R.L. Stine (2015) |
| 520 ## - SUMMARY, ETC. | |
| Summary, etc. | Carly Beth has no idea what she wants to be for Halloween. But she knows it needs to be really scary. When she finds an old mask at a nearby party store she begs the man to let her buy the mask despite his reluctance. Everything seems good and scary at first, but when Carly Beth starts getting strange thoughts while wearing the mask and even has trouble getting it off, things start to get really creepy! |
| 521 8# - TARGET AUDIENCE NOTE | |
| Target audience note | 580 |
| Source | Lexile |
| 521 8# - TARGET AUDIENCE NOTE | |
| Target audience note | K |
| Source | Raz-Plus |
| 942 ## - ADDED ENTRY ELEMENTS (KOHA) | |
| Source of classification or shelving scheme | Dewey Decimal Classification |
| Koha item type | Books |
| Withdrawn status | Lost status | Source of classification or shelving scheme | Damaged status | Not for loan | Collection | Home library | Current library | Shelving location | Date acquired | Total Checkouts | Full call number | Barcode | Date last seen | Date last checked out | Price effective from | Koha item type |
|---|---|---|---|---|---|---|---|---|---|---|---|---|---|---|---|---|
| Dewey Decimal Classification | Juvenile Fiction | Footprints International School Library Network Toul Kork Campus | Footprints International School Library Network Toul Kork Campus | TK Primary Library Room(4th Floor), Bookcase 3&4, Shelves 17-32, Yellow Books | 02/21/2023 | 4 | STI 813.54 PZ7.S86037 | FISTK05254 | 04/24/2026 | 03/20/2026 | 02/21/2023 | Books |
